书目信息 |
| 题名: |
化学反应动力学
|
|
| 作者: | 许越 编 | |
| 分册: | ||
| 出版信息: | 北京 化学工业出版社 2005 |
|
| 页数: | 238页 | |
| 开本: | 26cm | |
| 丛书名: | ||
| 单 册: | ||
| 中图分类: | O643.12 | |
| 科图分类: | ||
| 主题词: | 化学反应--反应动力学--高等学校--教材 , 化学反应 , 反应动力学 | |
| 电子资源: | ||
| ISBN: | 7-5025-5762-8 | |
| 000 | 00908nam0 2200277 450 | |
| 001 | 002789277 | |
| 005 | 20070720100033.48 | |
| 010 | @a7-5025-5762-8@dCNY28.00 | |
| 035 | @a002789277 | |
| 100 | @a20041231d2005 em y0chiy0110 ea | |
| 101 | 0 | @achi |
| 102 | @aCN@b110000 | |
| 105 | @ay z 000yy | |
| 106 | @ar | |
| 200 | 1 | @a化学反应动力学@Ahua xue fan ying dong li xue@f许越编@Fxu yue bian |
| 210 | @a北京@c化学工业出版社@d2005 | |
| 215 | @a238页@d26cm | |
| 300 | @a高等学校教材 | |
| 330 | @a化学反应动力学是研究化学反应的速率和机理的科学。本书以化学反应动力学的唯象理论为出发点,全面地介绍了化学反应动力学的主要内容,阐述了化学反应动力学的基本原理、基本观点和基本方法。 | |
| 606 | 0 | @a化学反应@x反应动力学@x高等学校@j教材 |
| 606 | 0 | @a化学反应 |
| 606 | 0 | @a反应动力学 |
| 690 | @aO643.12@v4 | |
| 701 | 0 | @a许越@Axu yue@f(1961~)@4编 |
| 801 | 0 | @aCN@bNLC@c20070720 |
| 905 | @dO643.12@e60@f5 | |
| 化学反应动力学/许越编.-北京:化学工业出版社,2005 |
| 238页;26cm |
| 高等学校教材 |
| ISBN 7-5025-5762-8:CNY28.00 |
| 化学反应动力学是研究化学反应的速率和机理的科学。本书以化学反应动力学的唯象理论为出发点,全面地介绍了化学反应动力学的主要内容,阐述了化学反应动力学的基本原理、基本观点和基本方法。 |
| ● |
| 相关链接 |
|
|
|
|
正题名:化学反应动力学
索取号:O643.12/60
 
预约/预借
| 序号 | 登录号 | 条形码 | 馆藏地/架位号 | 状态 | 备注 |
| 1 | 0850092 | 208500923 | 第二样本阅览室/ [索取号:O643.12/60] | 在馆 | |
| 2 | 0850093 | 208500932 | 第三借阅区/ [索取号:O643.12/60] | 在馆 | |
| 3 | 0850094 | 208500941 | 第三借阅区/ [索取号:O643.12/60] | 在馆 | |
| 4 | 0850095 | 208500950 | 第三借阅区/ [索取号:O643.12/60] | 在馆 | |
| 5 | 0850096 | 208500969 | 第三借阅区/ [索取号:O643.12/60] | 在馆 |